ذاكرة المدينة / (رقم التسجيلة. 179180)

تفاصيل مارك
000 -LEADER
fixed length control field 01270namaa22003371i 4500
003 - CONTROL NUMBER IDENTIFIER
control field EG-GICUC
005 - DATE AND TIME OF LATEST TRANSACTION
control field 20260405111954.0
008 - FIXED-LENGTH DATA ELEMENTS--GENERAL INFORMATION
fixed length control field 260405s20029999jo a|||gr|||| 001 0 ara d
017 ## - COPYRIGHT OR LEGAL DEPOSIT NUMBER
Copyright or legal deposit number 2001 / 10 / 2151
Assigning agency المكتبة الوطنية(الأردن).
040 ## - CATALOGING SOURCE
Original cataloging agency EG-GiCUC
Language of cataloging ara
Transcribing agency EG-GiCUC
Modifying agency EG-GiCUC
Description conventions rda
043 ## - GEOGRAPHIC AREA CODE
Geographic area code a-jo---
082 04 - DEWEY DECIMAL CLASSIFICATION NUMBER
Edition number 21
Classification number 956.81
Item number R138
092 04 - LOCALLY ASSIGNED DEWEY CALL NUMBER (OCLC)
Edition number 21
Classification number 956.81
Item number R138
099 ## - LOCAL FREE-TEXT CALL NUMBER (OCLC)
Classification number 956.81 R138
100 1# - MAIN ENTRY--PERSONAL NAME
Personal name رفيع، محمد،
Dates associated with a name 1958-
Relator term مؤلف.
245 10 - TITLE STATEMENT
Title ذاكرة المدينة /
Statement of responsibility, etc. محمد رفيع.
250 ## - EDITION STATEMENT
Edition statement الطبعة الأولى.
264 ## - PRODUCTION, PUBLICATION, DISTRIBUTION, MANUFACTURE, AND COPYRIGHT NOTICE
Place of production, publication, distribution, manufacture عمان :
Name of producer, publisher, distributor, manufacturer مركز الحسين الثقافي :
-- أمانة عمان الكبرى،
Date of production, publication, distribution, manufacture, or copyright notice 2002-
300 ## - PHYSICAL DESCRIPTION
Extent مجلدات :
Other physical details إيضاحيات ؛
Dimensions 24 سم
336 ## - CONTENT TYPE
Source rdacontent
Content type term text
337 ## - MEDIA TYPE
Source rdamedia
Media type term Unmediated
338 ## - CARRIER TYPE
Source rdacarrier
Carrier type term volume
504 ## - BIBLIOGRAPHY, ETC. NOTE
Bibliography, etc. note يشتمل على كشافات.
505 ## - FORMATTED CONTENTS NOTE
Formatted contents note الجزء الأول : أوراق عمان القديمة
541 ## - IMMEDIATE SOURCE OF ACQUISITION NOTE
Source of acquisition د. جابر عصفور ؛
Address القاهرة ؛
Method of acquisition إهداء ؛
Date of acquisition 2024.
650 1# - SUBJECT ADDED ENTRY--TOPICAL TERM
Source of heading or term qrmak
651 1# - SUBJECT ADDED ENTRY--GEOGRAPHIC NAME
Source of heading or term qrmak
Geographic name عمان(الأردن)
General subdivision تاريخ
651 1# - SUBJECT ADDED ENTRY--GEOGRAPHIC NAME
Geographic name عمان(الأردن)
General subdivision الحياة الأجتماعية.
905 ## - Cataloger and Reviser Names
Cataloger Name Asmaa
942 ## - ADDED ENTRY ELEMENTS (KOHA)
Source of classification or shelving scheme Dewey Decimal Classification
Koha item type Books
Edition 21
Suppress in OPAC No
المقتنيات
Withdrawn status Lost status Source of classification or shelving scheme Damaged status Not for loan Home library Current library Date acquired Inventory number Total checkouts Full call number Barcode Date last seen Price effective from Koha item type
    Dewey Decimal Classification   Not for loan المكتبة المركزبة الجديدة - جامعة القاهرة قاعة المكتبات المهداة - الدور الرابع 05.04.2026 174278   956.81 R138 J.U. 01000100174278000 05.04.2026 05.04.2026 Books
Cairo University Libraries Portal Implemented & Customized by: Eng. M. Mohamady Contacts: new-lib@cl.cu.edu.eg | cnul@cl.cu.edu.eg
CUCL logo CNUL logo
© All rights reserved — Cairo University Libraries
CUCL logo
Implemented & Customized by: Eng. M. Mohamady Contact: new-lib@cl.cu.edu.eg © All rights reserved — New Central Library
CNUL logo
Implemented & Customized by: Eng. M. Mohamady Contact: cnul@cl.cu.edu.eg © All rights reserved — Cairo National University Library